| 000 | 00626nam a2200193Ii 4500 | ||
|---|---|---|---|
| 003 | JO-AjNU | ||
| 008 | 230606s9999||||xx |||||||||||||| ||und|| | ||
| 040 |
_aJO-AjNU _beng _erda _cJO-AjNU |
||
| 041 | _aeng | ||
| 050 | 1 | 4 | _aHB3634.3.A3.A94.1983 |
| 100 | 3 |
_a Aziz ,Abdallah Abdel/ Arjun Adlakha/ M. Nizamuddin, _eauthor _92980 |
|
| 245 | 0 | 0 | _aJordan demographie survey 1981 : principal report |
| 264 | 3 | 1 | _aAmman:Department of Statistics.1983 |
| 300 | _a141p | ||
| 336 |
_atext _btxt _2rdacontent |
||
| 337 |
_aunmediated _bn _2rdamedia |
||
| 338 |
_avolume _bnc _2rdacarrier |
||
| 650 | 4 |
_aDemographic surveys -- Jordan _92981 |
|
| 999 |
_aE1561 _c1561 _d1561 |
||